Municipis de la comarca de l'Alt Camp (Catalunya) - Statistics

General Stats
  • This quiz has been taken 298 times
  • The average score is 16 of 23
Answer Stats
Hint Answer % Correct
V Valls
97%
A Alcover
84%
Q Querol
82%
N Nulles
78%
A Aiguamúrcia
77%
V Vila-rodona
76%
P El Pla de Santa Maria
74%
B Bràfim
73%
R La Riba
72%
V Vilabella
72%
P El Pont d'Armentera
68%
M Montferri
68%
A Alió
67%
C Cabra del Camp
67%
M La Masó
67%
M Mont-ral
66%
M El Milà
65%
F Figuerola del Camp
65%
V Vallmoll
65%
G Els Garidells
63%
R Rodonyà
63%
P Puigpelat
62%
R El Rourell
60%
No matching quizzes found
Score Distribution
Percent of People with Each Score
Percentile by Number Answered
Your Score History
You have not taken this quiz